Sudden Death - English Football team names - Statistics

General Stats
  • This quiz has been taken 142 times
  • The average score is 8 of 16
Answers on the Grid
Answers color-coded by a green-red scale on the quiz's grid according to % correct below.
Northumberland FC
Dagenham and Redbridge
FC Basingmouth
Fleetwood Town
Grimbsy Town
Great Yarmouth Pirates
Sheffield Thursday
New Forest Rangers
Bristol Rovers
Dowbridge United
Tonbridge Angels
AFC Flyde
Wealdstone FC
Dorset Palace
Curzon Ashton
Weston-Super-Mare
Chester Wanderers
Hemcaster FC
Chippenham Town FC
Queens Park Rangers
Blyth Spartans
North Shields
HashTag United
Devon Comrades
Borehamwood FC
Newtouth Town
Marine AFC
Rotherham
Charlington FC
Soho Wanderers
Stackport Saints
Frackton on Trent FC
 
Answer Stats
Answer % Correct
Bristol Rovers
84%
Queens Park Rangers
82%
Grimbsy Town
81%
Fleetwood Town
76%
Rotherham
67%
Dagenham and Redbridge
65%
Wealdstone FC
44%
AFC Flyde
43%
Borehamwood FC
40%
HashTag United
40%
Weston-Super-Mare
40%
Chippenham Town FC
34%
Blyth Spartans
33%
Marine AFC
26%
Curzon Ashton
25%
Tonbridge Angels
17%
No matching quizzes found
Score Distribution
Percent of People with Each Score
Percentile by Number Answered
Your Score History
You have not taken this quiz